Central Library OPAC University of Rajshahi

অতীত দিনের স্মৃতি / (Record no. 40064)

MARC details
000 -LEADER
fixed length control field 00945nam a2200241 a 4500
001 - CONTROL NUMBER
control field 40064
003 - CONTROL NUMBER IDENTIFIER
rucl marc code BD-RjUL
005 - DATE AND TIME OF LATEST TRANSACTION
control field 20211209053128.0
008 - FIXED-LENGTH DATA ELEMENTS--GENERAL INFORMATION
fixed length control field 160421s1968 BG |||| |||| 001 0 ben d
020 ## - INTERNATIONAL STANDARD BOOK NUMBER
Terms of availability :Tk. 12.00
035 ## - SYSTEM CONTROL NUMBER
System control number (BD-RjUL)40179
040 ## - CATALOGING SOURCE
Original cataloging agency BD-RjUL
Language of cataloging ben
Transcribing agency BD-RjUL
041 ## - LANGUAGE CODE
Language code of text/sound track or separate title ben
082 ## - DEWEY DECIMAL CLASSIFICATION NUMBER
Edition number 23
Classification number 891.44092
Author mark and year SHA 1968
100 ## - MAIN ENTRY--PERSONAL NAME
Personal name শামসুদ্দীন, আবুল কালাম
9 (RLIN) 123374
245 10 - TITLE STATEMENT
Title অতীত দিনের স্মৃতি /
Statement of responsibility, etc. আবুল কালাম শামসুদ্দীন
260 ## - PUBLICATION, DISTRIBUTION, ETC. (IMPRINT)
Place of publication, distribution, etc. ঢাকা :
Name of publisher, distributor, etc. নওরোজ কিতাবিস্তান,
Date of publication, distribution, etc. ১৯৬৮
300 ## - PHYSICAL DESCRIPTION
Pagination [১০] ৪৮১ পৃ. ;
Size ২৬ সেমি.
500 ## - GENERAL NOTE
General note নির্ঘন্ট সংযুক্ত
600 ## - SUBJECT ADDED ENTRY--PERSONAL NAME
Personal name শামসুদ্দীন, আবুল কালাম
650 ## - SUBJECT ADDED ENTRY--TOPICAL TERM
Topical term or geographic name as entry element Authors, Bengali
Geographic subdivision Bangladesh
General subdivision Biography.
9 (RLIN) 123431
942 ## - ADDED ENTRY ELEMENTS (KOHA)
Source of classification or shelving scheme Dewey Decimal Classification
Koha item type Books
Holdings
Lost status Source of classification or shelving scheme Damaged status Not for loan Collection code Permanent Location Current Location Shelving location Date acquired Source of acquisition Cost, normal purchase price Total Checkouts Full call number Date last seen Copy number Koha item type Date checked out
  Dewey Decimal Classification   Not For Loan Non-fiction Central Library, University of Rajshahi Central Library, University of Rajshahi Reading Room 04/11/1964 Nowroze Kitabistan, Dhaka 12.00   B 891.44092 SHA 1968 21/04/2016 C-1 Books  
  Dewey Decimal Classification     Non-fiction Central Library, University of Rajshahi Central Library, University of Rajshahi   31/08/1973 Nowroze Kitabistan, Dhaka 12.50 1 B 891.44092 SHA 1968 19/01/2023 C-2 Books 12/12/2022